Anatomy of the Spirit <The> Seven Stages of Power and Healing

Enregistré dans:
Détails bibliographiques
Auteur principal: Myss, Caroline
Format: Livre
Langue:anglais
Publié: New York Harmony Books 1996
Édition:1. ed.
Sujets:
Tags: Ajouter un tag
Pas de tags, Soyez le premier à ajouter un tag!

MARC

LEADER 00000nam a2200000 4500
001 c020087
005 20221205124934.3
020 |a 0-517-70391-2 
041 0 |a eng 
044 |a US 
245 1 0 |a Anatomy of the Spirit  |b <The> Seven Stages of Power and Healing  |c Caroline Myss 
250 |a 1. ed. 
264 1 |a New York  |b Harmony Books  |c 1996 
300 |a 302 s. 
610 2 0 |a lekárstvo 
610 2 0 |a zdravie 
610 2 0 |a psychológia 
610 2 0 |a terapeutika 
100 1 |a Myss, Caroline